000 002760000a22000970004500
100 1 _aBreman, Christien
245 1 0 _aSurvey of the association of evangelicals in Africa
300 _aVol. 7, Núm 1 (1998), Páginas 45-53
773 0 _tEuropean Journal of Theology
942 _cANA
999 _c54015
_d54015